000 00805nam a22002297a 4500
005 20250124115513.0
010 _aENG-143579
020 _c295.00
_a 9788179066713
035 _aEN-127111
037 _bDBAD
082 _a613.47
100 _aGarima Babel,Niharika Paliwal
_976943
245 _aComplete Lifestyle Modification Management Through Nutrition Exercise and Yoga/
_cBy Garima Babel [and] Niharika Paliwal
250 _a1
260 _aUdaipur
_bHimanshu Publications
_c2017
260 _aNew Delhi
_bHimanshu Publications
_c2009
270 _bUdaipur
_e313002
_a464, Sector 11, Hiren Magri,
270 _bNew Delhi
_a4379/4-B, Prakash House, Ansari Road, Daryaganj,
300 _a76p.
_c22cm(Hb)
700 _aPaliwal, Niharika
_976944
942 _2ddc
_cEN
_h613.47
_mBAB
999 _c208718
_d208718